| 000 | 00477cam a2200145 4500500 | ||
|---|---|---|---|
| 005 | 20260111093407.0 | ||
| 041 | _afre | ||
| 042 | _adc | ||
| 100 | 1 | 0 |
_aArnould, Paul _eauthor |
| 245 | 0 | 0 | _aTintin forestier, un reporter sans conscience environnementale ? |
| 260 | _c2016. | ||
| 500 | _a35 | ||
| 786 | 0 | _nLa Géographie | 1560 | 1 | 2016-01-01 | p. 39-41 | 1964-9002 | |
| 856 | 4 | 1 | _uhttps://shs.cairn.info/revue-la-geographie-2016-1-page-39?lang=fr&redirect-ssocas=7080 |
| 999 |
_c1626247 _d1626247 |
||